| 000 | 01095nam a2200313Ia 4500 | ||
|---|---|---|---|
| 001 | Para_9211 | ||
| 003 | CHAP | ||
| 005 | 20220818142657.0 | ||
| 008 | 220125s2006 xx 000 0 und d | ||
| 010 | _a207950 | ||
| 040 | _cCHAP | ||
| 090 | _aPA TESIS 2018 | ||
| 100 |
_aGarcía Alcántara, Josué _945688 |
||
| 245 |
_aResistencia de cuatro biotipos de Avena fatua L. a los herbicidas Clodinafop-Propargyl y Tralkoxydim / _c por Josué Alcántara García |
||
| 260 |
_aChapingo, Méx. : _b el autor |
||
| 300 | _a46 h | ||
| 502 | _aTesis (Ing. Agr. Esp. Parasitología Agícola) UACh. Departamento Parasitología Agrícola | ||
| 650 |
_aAvena fatua _98557 |
||
| 650 |
_aHerbicidas _x aplicación _953692 |
||
| 650 |
_aMalas hierbas _x resistencia a herbicidas |
||
| 650 |
_aTrigo _x malas hierbas _xcontrol _9115054 |
||
| 710 |
_aUACh. Departamento Parasitología Agrícola _9164025 |
||
| 901 | _aPA TESIS 2018 | ||
| 902 | _aM | ||
| 905 | _a0000002006 nm 0000000000 00 | ||
| 910 | _a2006 | ||
| 942 |
_cPARA _2local |
||
| 942 |
_cPARA _2local |
||
| 999 |
_c207950 _d207950 |
||